Korean Foods #2 - Statistics

General Stats
  • This quiz has been taken 113 times
    91 since last reset
  • The average score is 14 of 30
Answer Stats
Description Answer % Correct
Korean filled dumplings with a name cognate with the Chinese 'mantou' Mandu
87%
Small side dishes served alongside rice Banchan
81%
Viral, spicy instant ramen brand {Buldak} Ramen
76%
Retro melted sugar street snack that is typically stamped with a shape Dalgona
69%
Grilled ribs Galbi
69%
Milky, sparkling rice wine Makgeolli
60%
Scallion pancake most commonly enjoyed with seafood (haemul) Pajeon
59%
Creamy, milk flavoured soft drink brand Milkis
57%
Spicy stew based on a combination of leftover ingredients such as spam, instant noodles and American cheese Budae-jjigae (army stew)
54%
‘Ganjang-gejang’ is raw ____ marinated in soy sauce Crab
53%
Staple, midly spicy red chilli flakes Gochugaru
53%
Popular snack of two cake layers and a marshmallow filling that is coated in chocolate Choco pie
51%
Distinctively creamy ice pop brand; most popular flavour is honeydew melon Melona
51%
Leaf with several uses (e.g. pickled or as a wrapping vegetable) Perilla
49%
Pretzel sticks coated in chocolate which is sometimes mixed with almond or biscuit pieces Pepero
47%
'Hobak-juk' is a traditional, sweet porridge made with this large orange squash fruit Pumpkin
44%
Native breed of cow which produces strongly marbled beef Hanwoo
41%
Fermented soybean and brine paste Doenjang
39%
'Sujeonggwa' is a sweet, reddish-brown punch flavoured with this spice (Hint: it is prepared from tree bark) Cinnamon
34%
Intestines that are often grilled or stewed Gopchang
33%
Fried seaweed rolls Gimmari
31%
Term for the crispy outer layer formed in rice dishes Nurungji
30%
Deep-fried vegetables, meat or other ingredients coated in a thin batter; very similar to tempura Twigim
30%
Spicy pork bone soup Gamjatang
29%
Shrimp flavoured snack produced by the brand Nongshim Saeukkang (Shrimp Crackers)
29%
Pork slices that have been boiled with spices Bossam
27%
Caffeinated sweet drink comprising ______ syrup and milk {Coffee} milk
26%
Noodle dish with a chilled soymilk broth Kongguksu
26%
Red bean rice Patbap
17%
Puffed rice grain discs commonly sold by street vendors Ppeongtwigi
11%
No matching quizzes found
Score Distribution
Percent of People with Each Score
Percentile by Number Answered
Your Score History
You have not taken this quiz since the last reset